• 首页
  • 本馆介绍
  • 公告通知
  • 最新文献
  • 馆藏检索
  • 电子资源
  • 读者导购
  • 参考咨询
  • 我的图书馆
  • 登录
  • 详细信息显示
  • 放入我的书架
  • 预约/预借图书
  • 作者相关作品
  • 分类相关作品
  • 丛书相关作品
  • 出版社相关作品

书目信息

  • 表格格式
  • 工作单格式
  • 卡片格式
题名:
成语故事选
    
 
作者: 韩振国 著
分册: 下  
出版信息: 呼和浩特   内蒙古人民出版社  1979
页数: 98页
开本: 19cm
丛书名:
单 册:
中图分类: I247.8 , H136.3 , H136
科图分类:
主题词: 成语-故事--中国--选集 , 故事-成语--中国--选集 , 汉语--语义 , 汉语--语义学 , 汉语--词汇 , 训诂
电子资源:
ISBN:
000 00770nam0 2200301 450
001 1574568535
005 20150122204316.92
010    @dCNY0.25
091    @a7089.113
100    @a19950720d1979 em y0chiy0110 ea
101 0  @achi
102    @aCN@b150000
105    @af z 000ay
200 1  @a成语故事选@9cheng yu gu shi xuan@h下@f韩振国著
210    @a呼和浩特@c内蒙古人民出版社@d1979
215    @a98页@c插图@d19cm
606 0  @a成语-故事@y中国@x选集
606 0  @a故事-成语@y中国@x选集
606 0  @a汉语@x语义
606 0  @a汉语@x语义学
606 0  @a汉语@x词汇
606 0  @a训诂
690    @aI247.8@v5
690    @aH136.3@v5
690    @aH136@v4
701  0 @a韩振国@9han zhen guo@4著
801  0 @aCN@bTSSF@c20150122
905    @aZUCC@dH136@eJY40:2
    
    成语故事选.下/韩振国著.-呼和浩特:内蒙古人民出版社,1979
    98页:插图;19cm
    
    
    ISBN :CNY0.25
    
●
相关链接 在E读中查询图书 在五车中查询图书 在当当中查询图书 在豆瓣中查询图书


正题名:成语故事选     索取号:H136/JY40:2         预约/预借

序号 登录号 条形码 馆藏地/架位号 状态 备注
1 7850411   278504110   学院路分馆/ [索取号:H136/JY40:2] 在馆    
2 7850412   278504129   学院路分馆/ [索取号:H136/JY40:2] 在馆    
唐山师范学院图书馆 欢迎您!
大连网信软件有限公司© 版权所有